Statistiques concernant La Belgique de A à Z

Cliquez ici pour prendre le quiz!

Statistiques générales

  • Ce quiz a été pris 271 fois
  • Le résultat moyen est 14 sur 26

Statistiques - réponses

LettreIndicesRéponses% Correct
BIl y a + de 1500 sortes de cette boisson en BelgiqueBière
96%
AVille belge célèbre pour l'industrie diamantaireAnvers
91%
ICelle de la Belgique fut déclarée le 4 octobre 1830Indépendance
91%
QNombre de pays frontaliersQuatre
90%
NÉquivalent belge du quatre-vingt-dixNonante
87%
UElle fait la force selon la devise de la BelgiqueUnion
84%
DSurnom donné à l'équipe masculine de footballDiables Rouges
82%
WRégion francophone du sud de la BelgiqueWallonie
82%
OFruit distribué par les Gilles lors de carnavalOrange
81%
LVille surnommée La Cité ArdenteLiège
78%
PRoi des belges ayant prêté serment le 21 juillet 2013Philippe
71%
CInterprète des chansons "La Bonne du curé", "Cho Ka Ka O" et "Tata Yoyo"Annie Cordy
61%
SInstrument de musique de la famille des bois inventé en 1842 par un BelgeSaxophone
61%
MCycliste belge ayant remporté 5 fois le Tour de FranceEddy Merckx
55%
HMeilleure tenniswoman belge avec un total de 43 titres dont 7 Grands-ChelemJustine Henin
48%
ZCommune sur laquelle se situe l'aéroport de BruxellesZaventem
45%
ECapitale de la Communauté germanophoneEupen
36%
KVille côtière très prisée par les personnes aiséesKnokke
35%
YPlus petit fleuve de BelgiqueYser
32%
TAthlète belge, spécialiste des épreuves combinées, et détentrice du record du monde du pentathlon avec 5055 pointsNafissatou Thiam
25%
VVille qui fut un grand centre européen de l'industrie lainièreVerviers
24%
JChanson avec laquelle Sandra Kim remporta l'Eurovision en 1986J'aime la vie
21%
FPremier belge a avoir été dans l'espaceDirk Frimout
15%
GPlus grand festival métal de BelgiqueGraspop Metal Meeting
9%
RGrotte disposant de la plus longue navigation souterraine en barque au monde, à savoir 600 mètresRemouchamps
8%
XChanteuse flamande ayant représenté le Belgique à l'Eurovision en 2004Xandee
1%

Distribution des résultats

Percentile par nombre de réponses

% des personnes avec chaque résultat

Votre développement - résultats

Vous n’avez pas pris ce quiz